Film dont le titre commence par un R (2) - Statistiques

Statistiques générales
  • Ce quiz a été pris 4 fois
  • Le résultat moyen est 5 sur 30
Statistiques - réponses
Année Réalisateur Genre 1 acteur ou
1 actrice
Titre % Correct
1940 Alfred Hitchcock Drame psychologique Joan Fontaine Rebecca
75%
1950 Akira Kurosawa Drame psychologique Kichijiro Ueda Rashomon
50%
1939 Jean Gremillon Comédie dramatique Jean Gabin Remorques
50%
1992 Quentin Tarantino Policier Harvey Keitel Reservoir dogs
50%
2016 Eric Lavaine Comédie Josiane Balasko Retour chez ma mère
50%
1954 Otto Preminger Western Marilyn Monroe Rivière sans retour
50%
1991 Kevin Reynolds Aventures Kevin Costner Robin des Bois prince des voleurs
50%
1981 Milos Forman Drame James Cagney Ragtime
25%
1955 Henri Decoin Policier Jean Gabin Razzia sur la chnouf
25%
1959 Howard Hawks Western John Wayne Rio Bravo
25%
1996 Baz Luhrmann Drame Leonardo DiCaprio Roméo + Juliette
25%
1991 Francis Allegret Thriller Isabelle Benkemoun Raisons d'Etat
0%
1993 Jon Turteltaub Comédie John Candy Rasta Rockett
0%
2006 Tony Curran Drame Kate Dickie Red road
0%
1993 Jacques Audiard Comédie dramatique Mathieu Kassovitz Regarde les hommes tomber
0%
2020 Natalie Erika James Horreur Jeremy Stanford Relic
0%
1938 Sacha Guitry Comédie Jacqueline Delubac Remontons les Champs Elysées
0%
2003 Anthony Mighella Drame Jude Law Retour à Cold Mountain
0%
2023 Nimrod Antal Thriller Liam Neeson Retribution
0%
2007 Joe Wright Drame James McAvoy Reviens moi
0%
1996 Patrice Leconte Comédie Jean Rochefort Ridicule
0%
1995 Agniezka Holland Comédie dramatique Leonardo DiCaprio Rimbaud Verlaine
0%
1950 John Ford Western John Wayne Rio Grande
0%
1970 Howard Hawks Western John Wayne Rio Lobo
0%
2016 Vincent Kesteloot Aventures Kyle Hebert Robinson Crusoé
0%
2014 José Padilha Action Joël Kinnaman Robocop
0%
1997 Stuart Gillard Comédie Harland Williams Rocketman
0%
1962 Sergio Corbucci Peplum Massimo Girotti Romulus et Remus
0%
1937 William Wyler Drame Humphrey Bogart Rue sans issue
0%
1998 Brett Ratner Action Jackie Chan Rush hour
0%
Aucun quiz correspondant
Distribution des résultats
% des personnes avec chaque résultat
Percentile par nombre de réponses
Votre historique - résultats
Vous n’avez pas pris ce quiz